ESSENTIALS OF MEDICAL PHARMACOLOGY (Record no. 21023)
[ view plain ]
| 000 -LEADER | |
|---|---|
| fixed length control field | 00348nam a22001577a 4500 |
| 003 - CONTROL NUMBER IDENTIFIER | |
| control field | SGT |
| 020 ## - INTERNATIONAL STANDARD BOOK NUMBER | |
| International Standard Book Number | 9789352704996 |
| 082 ## - DEWEY DECIMAL CLASSIFICATION NUMBER | |
| Classification number | 615 |
| Item number | E21T |
| 100 ## - MAIN ENTRY--PERSONAL NAME | |
| Personal name | TRIPATHI, K.D. |
| 245 ## - TITLE STATEMENT | |
| Title | ESSENTIALS OF MEDICAL PHARMACOLOGY |
| 250 ## - EDITION STATEMENT | |
| Edition statement | 8TH |
| 260 ## - PUBLICATION, DISTRIBUTION, ETC. (IMPRINT) | |
| Place of publication, distribution, etc | INDIA |
| Name of publisher, distributor, etc | JAYPEE PUB |
| Year of Publication | 2021 |
| 300 ## - PAGE DESCRIPTION | |
| No. of Pages | 1122 |
| 650 ## - SUBJECT ADDED ENTRY--TOPICAL TERM | |
| Topical term or geographic name as entry element | PHARMACOLOGY |
| 942 ## - ADDED ENTRY ELEMENTS (KOHA) | |
| Source of classification or shelving scheme | Dewey Decimal Classification |
| Koha item type | Books |
| 942 ## - ADDED ENTRY ELEMENTS (KOHA) | |
| -- | 177 |
| Withdrawn status | Lost status | Source of classification or shelving scheme | Damaged status | Not for loan | Collection code | Home library | Current library | Shelving location | Date acquired | Vendor Name | Cost, normal purchase price | SGTU | Bill Number | Total Checkouts | Total Renewals | Full call number | Accession No. (Barcode) | Date last seen | Date last borrowed | Bill Date | Koha item type |
|---|---|---|---|---|---|---|---|---|---|---|---|---|---|---|---|---|---|---|---|---|---|
| Dewey Decimal Classification | MEDICAL | SGT Medical Library | SGT Medical Library | Text Book | 09/04/2021 | ABC DELHI | 1495.00 | SGTU | 12725 | 74 | 2 | 615 E21T | FM12271 | 27/02/2026 | 14/02/2026 | 19/02/2021 | Books | ||||
| Dewey Decimal Classification | MEDICAL | SGT Medical Library | SGT Medical Library | Text Book | 09/04/2021 | ABC DELHI | 1495.00 | SGTU | 12725 | 1 | 615 E21T | FM12272 | 07/09/2021 | 09/08/2021 | 19/02/2021 | Books | |||||
| Dewey Decimal Classification | MEDICAL | SGT Medical Library | SGT Medical Library | Text Book | 09/04/2021 | ABC DELHI | 1495.00 | SGTU | 12725 | 77 | 6 | 615 E21T | FM12273 | 16/05/2026 | 30/04/2026 | 19/02/2021 | Books | ||||
| Dewey Decimal Classification | MEDICAL | SGT Medical Library | SGT Medical Library | Text Book | 09/04/2021 | ABC DELHI | 1495.00 | SGTU | 12725 | 61 | 1 | 615 E21T | FM12274 | 09/01/2025 | 02/01/2025 | 19/02/2021 | Books | ||||
| Dewey Decimal Classification | MEDICAL | SGT Medical Library | SGT Medical Library | Text Book | 09/04/2021 | ABC DELHI | 1495.00 | SGTU | 12725 | 6 | 615 E21T | FM12275 | 20/11/2025 | 06/11/2025 | 19/02/2021 | Books |